নারী ১৯৭১ : নীর্যাতিত ও প্রত্যক্ষদর্শীদের সাক্ষাৎকার / (Record no. 39306)
[ view plain ]
| 000 -LEADER | |
|---|---|
| fixed length control field | 00943nam a2200229 a 4500 |
| 001 - CONTROL NUMBER | |
| control field | 39306 |
| 003 - CONTROL NUMBER IDENTIFIER | |
| rucl marc code | BD-RjUL |
| 005 - DATE AND TIME OF LATEST TRANSACTION | |
| control field | 20211209052949.0 |
| 008 - FIXED-LENGTH DATA ELEMENTS--GENERAL INFORMATION | |
| fixed length control field | 160407b2015 b a|||| |||| 00| 0 ben d |
| 020 ## - INTERNATIONAL STANDARD BOOK NUMBER | |
| International Standard Book Number | 9789849120338 |
| Terms of availability | tk. 350.00 |
| 035 ## - SYSTEM CONTROL NUMBER | |
| System control number | (BD-RjUL)39419 |
| 040 ## - CATALOGING SOURCE | |
| Original cataloging agency | BD-RjUL |
| Language of cataloging | ben |
| Transcribing agency | BD-RjUL |
| 041 ## - LANGUAGE CODE | |
| Language code of text/sound track or separate title | ben |
| 082 ## - DEWEY DECIMAL CLASSIFICATION NUMBER | |
| Edition number | 23 |
| Classification number | 954.9205082 |
| Author mark and year | NAR 2015 |
| 245 ## - TITLE STATEMENT | |
| Title | নারী ১৯৭১ : নীর্যাতিত ও প্রত্যক্ষদর্শীদের সাক্ষাৎকার / |
| Statement of responsibility, etc. | সম্পাদক রাশেদুর রহমান |
| 260 ## - PUBLICATION, DISTRIBUTION, ETC. (IMPRINT) | |
| Place of publication, distribution, etc. | ঢাকা : |
| Name of publisher, distributor, etc. | প্রথমা প্রকাশন ; |
| Date of publication, distribution, etc. | ২০১৫. |
| 300 ## - PHYSICAL DESCRIPTION | |
| Pagination | ২৫৬ পৃ. : |
| Illustrations | চিত্র. ; |
| Size | ২১ সেমি. |
| 650 ## - SUBJECT ADDED ENTRY--TOPICAL TERM | |
| Topical term or geographic name as entry element | মুক্তিযুদ্ধ |
| General subdivision | নারী |
| 9 (RLIN) | 121168 |
| Topical term or geographic name as entry element | Libaration War |
| General subdivision | Women |
| 9 (RLIN) | 121169 |
| 700 ## - ADDED ENTRY--PERSONAL NAME | |
| Personal name | রহমান, রাশেদুর |
| 942 ## - ADDED ENTRY ELEMENTS (KOHA) | |
| Source of classification or shelving scheme | Dewey Decimal Classification |
| Koha item type | Books |
| Lost status | Source of classification or shelving scheme | Damaged status | Not for loan | Collection code | Permanent Location | Current Location | Shelving location | Date acquired | Source of acquisition | Cost, normal purchase price | Total Checkouts | Full call number | Date last seen | Copy number | Koha item type |
|---|---|---|---|---|---|---|---|---|---|---|---|---|---|---|---|
| Dewey Decimal Classification | Not For Loan | Non-fiction | Central Library, University of Rajshahi | Central Library, University of Rajshahi | Reading Room | 12/03/2016 | Biddasagor, Rajshahi | 350.00 | B 954.9205082 NAR 2015 | 07/04/2016 | C-1 | Books | |||
| Dewey Decimal Classification | Non-fiction | Central Library, University of Rajshahi | Central Library, University of Rajshahi | 12/03/2016 | Biddasagor, Rajshahi | 350.00 | B 954.9205082 NAR 2015 | 07/04/2016 | C-2 | Books | |||||
| Dewey Decimal Classification | Non-fiction | Central Library, University of Rajshahi | Central Library, University of Rajshahi | 12/03/2016 | Biddasagor, Rajshahi | 350.00 | B 954.9205082 NAR 2015 | 07/04/2016 | C-3 | Books |